A concise guide in food and beverage service procedures/ (Record no. 3728)

MARC details
000 -LEADER
fixed length control field 00712nam a22002177a 4500
003 - CONTROL NUMBER IDENTIFIER
control field OSt
005 - DATE AND TIME OF LATEST TRANSACTION
control field 20250717024655.0
008 - FIXED-LENGTH DATA ELEMENTS--GENERAL INFORMATION
fixed length control field 250717b |||||||| |||| 00| 0 eng d
020 ## - INTERNATIONAL STANDARD BOOK NUMBER
International Standard Book Number 978-971-9905-93-6.
040 ## - CATALOGING SOURCE
Original cataloging agency DWCL - Main lib
Transcribing agency OC
082 ## - DEWEY DECIMAL CLASSIFICATION NUMBER
Classification number Fil. 647.95 C814c 2015
100 ## - MAIN ENTRY--PERSONAL NAME
Personal name Abellana, Ephraimuel Jose L.
245 ## - TITLE STATEMENT
Title A concise guide in food and beverage service procedures/
Statement of responsibility, etc. Ephraimuel Jose L. Abellana
250 ## - EDITION STATEMENT
Edition statement Second edition.
260 ## - PUBLICATION, DISTRIBUTION, ETC.
Place of publication, distribution, etc. Manila :
Name of publisher, distributor, etc. Mindshapers Co., Inc.
300 ## - PHYSICAL DESCRIPTION
Extent xii, 177 pages :
Other physical details illustrations ;
Dimensions 26 cm.
650 ## - SUBJECT ADDED ENTRY--TOPICAL TERM
Topical term or geographic name entry element 1. Beverages.
650 ## - SUBJECT ADDED ENTRY--TOPICAL TERM
Topical term or geographic name entry element 2. Food service.
700 ## - ADDED ENTRY--PERSONAL NAME
Personal name Darylance V. Cornell
942 ## - ADDED ENTRY ELEMENTS (KOHA)
Source of classification or shelving scheme Dewey Decimal Classification
Koha item type Book-Filipiniana
Edition Second edition.
Call number prefix Fil.
Suppress in OPAC No
952 ## - LOCATION AND ITEM INFORMATION (KOHA)
--
Holdings
Withdrawn status Lost status Source of classification or shelving scheme Damaged status Not for loan Home library Current library Shelving location Date acquired Source of acquisition Cost, normal purchase price Total Checkouts Full call number Barcode Date last seen Copy number Price effective from Koha item type Uniform Resource Identifier
    Dewey Decimal Classification     College Library HM & Nursing Library Filipiniana 04/27/2017 School Fund 695.00   Fil. 647.95 C814c 2015 51482 07/17/2025 c1 07/17/2025 BK - FIL